| 000 | 01535nam a22002897a 4500 | ||
|---|---|---|---|
| 001 | EPSA 298 | ||
| 003 | gtcocun | ||
| 005 | 20250908172134.0 | ||
| 006 | a||||gr|||| 00| 0 | ||
| 007 | ta | ||
| 008 | 250908b2025 gt ||||| m||| 00| 0 eng d | ||
| 040 |
_agtcocun _bSPA _cgtcocun _eRDA |
||
| 041 | _aSPA EPSA 0298 | ||
| 084 | _0 EPSA 0298 | ||
| 100 |
_aCaal Raymundo, Rudy Isaías _eAutor |
||
| 245 |
_aINFORME FINAL DEL EJERCICIO PROFESIONAL SUPERVISADO REALIZADO EN LA EMPRESA SERVICIOS PARA LA SALUD COMUNITARIA (SECOSA), SALONES Y EVENTOS CENTRO DE FORMACIÓN Y CAPACITACIÓN NOJ¨COBÁN, ALTA VERAPAZ/ _cRudy Isaías Caal Raymundo. _hImpreso |
||
| 264 |
_aCobán, Alta Verapaz: _bUniversidad de San Carlos de Guatemala, Centro Universitario del Norte, Licenciatura en Administración de Empresas _c2025 |
||
| 300 |
_a66 p.: _bIlustraciones, gráficas. _c28 cm; |
||
| 338 |
_2rdasoporte _aCódigo en línea _bcr |
||
| 502 | _eEPSA 0299 | ||
| 502 |
_aEjercicio Profesional Supervisado _bLicenciatura en Administración de Empresas, _cUniversidad de San Carlos de Guatemala, Centro Universitario del Norte, Licenciatura en Administración de Empresas _d2025 _oEPSA 0298 |
||
| 650 | 1 | 4 |
_2LEMB _aCobán, Alta Verapaz _xAdministración _xMarketing _xGestión _xTalento humano _xPlaneación _xSatisfacción _xEficiencia |
| 700 |
_aLcda. Jessica Marbella Yalibat López _eAsesor |
||
| 856 |
_uSin archivo en línea. _zSin archivo en línea. |
||
| 942 |
_2ddc _cTES _iEPSA 0298 _kClasificación _n0 _6EPSA_0298_000000000000000 |
||
| 999 |
_c1739 _d1739 |
||